Espacios deportivos cubiertos / (Registro nro. 5055)
[ vista simple ]
| 000 -LEADER | |
|---|---|
| fixed length control field | 01291nam a22003017a 4500 |
| 003 - CONTROL NUMBER IDENTIFIER | |
| control field | PE SENCICO BE |
| 005 - DATE AND TIME OF LATEST TRANSACTION | |
| control field | 20251020182710.0 |
| 008 - FIXED-LENGTH DATA ELEMENTS--GENERAL INFORMATION | |
| fixed length control field | 250114b |||||||| |||| 00| 0 eng d |
| 020 ## - INTERNATIONAL STANDARD BOOK NUMBER | |
| International Standard Book Number | 968-887-183-4 |
| 040 ## - CATALOGING SOURCE | |
| Original cataloging agency | PE SENCICO BE |
| Transcribing agency | PE SENCICO BE |
| 041 ## - LANGUAGE CODE | |
| Language code of text/sound track or separate title | spa |
| 082 ## - DEWEY DECIMAL CLASSIFICATION NUMBER | |
| Classification number | 711.558 |
| Item number | C84 |
| 100 1# - MAIN ENTRY--PERSONAL NAME | |
| 9 (RLIN) | 2818 |
| Personal name | Crane, Robin |
| Relator term | autor |
| 245 1# - TITLE STATEMENT | |
| Title | Espacios deportivos cubiertos / |
| Statement of responsibility, etc. | Robin Crane, Malcom Dixon |
| 250 ## - EDITION STATEMENT | |
| Edition statement | [1a ed.] |
| 260 ## - PUBLICATION, DISTRIBUTION, ETC. | |
| Place of publication, distribution, etc. | Barcelona : |
| Name of publisher, distributor, etc. | Diagram Visual Information Limited ; |
| Date of publication, distribution, etc. | 1992 |
| 300 ## - PHYSICAL DESCRIPTION | |
| Extent | [100] h. : |
| Other physical details | diagrs. ; |
| Dimensions | 29 cm. |
| 440 ## - SERIES STATEMENT/ADDED ENTRY--TITLE | |
| 9 (RLIN) | 2819 |
| Title | Colección dimensiones en arquitectura |
| 505 0# - FORMATTED CONTENTS NOTE | |
| Formatted contents note | Deportes generales -- Espacios de actividad -- Deportes acuáticos -- Cultura física -- Instalaciones de apoyo |
| 520 3# - SUMMARY, ETC. | |
| Summary, etc. | Proporciona soluciones prácticas y fácilmente asequibles al proyecto de espacios, disposiciones en planta y logística en general para todos los deportes que se realizan a cubierto, asi como para las instalciones dedicadas a la cultura física. |
| 650 10 - SUBJECT ADDED ENTRY--TOPICAL TERM | |
| 9 (RLIN) | 2820 |
| Topical term or geographic name entry element | Instalaciones deportivas |
| 650 20 - SUBJECT ADDED ENTRY--TOPICAL TERM | |
| 9 (RLIN) | 2821 |
| Topical term or geographic name entry element | Campos deportivos |
| 650 20 - SUBJECT ADDED ENTRY--TOPICAL TERM | |
| 9 (RLIN) | 2822 |
| Topical term or geographic name entry element | Instalaciones para la educación física |
| 650 20 - SUBJECT ADDED ENTRY--TOPICAL TERM | |
| 9 (RLIN) | 570 |
| Topical term or geographic name entry element | Arquitectura urbana |
| 700 1# - ADDED ENTRY--PERSONAL NAME | |
| 9 (RLIN) | 2823 |
| Personal name | Dixon, Malcom |
| Relator term | autor |
| 910 ## - USER-OPTION DATA (OCLC) | |
| User-option data | hfp |
| -- | hfp |
| -- | hfp |
| 942 ## - ADDED ENTRY ELEMENTS (KOHA) | |
| Source of classification or shelving scheme | Dewey Decimal Classification |
| Koha item type | Libros |
| Fecha de la última vez que lo usaron | Pago total | Signatura topográfica completa | Código de barras | Precio efectivo desde | Tipo de documento | Estado perdido | Sistema de clasificación | Estado dañado | No es para préstamo | Retirado | Ubicación permanente | Ubicación actual | Fecha de adquisición | Fuente de adquisición |
|---|---|---|---|---|---|---|---|---|---|---|---|---|---|---|
| 14/01/2025 | 725.8/C84 | BibLima25010022 | 14/01/2025 | Libros | Dewey Decimal Classification | Biblioteca Central Lima | Biblioteca Central Lima | 18/11/2024 | Comprado de la librería Megabook |